00286nam a22000977a 4500008004100000050001400041245004300055260005600098300001800154700001600172160909b xxu||||| |||| 00| 0 eng d a2014/2008 aLibrary Management SystemcOsei Gifty  aAccra.:bWisconsin Internatioanl University,c2008. aVarious pgs.: aOsei Gifty